[Event "Titled Tuesday intern op 25th Jan"]
[Site "Chess.com INT"]
[Date "2022.01.25"]
[Round "10"]
[White "Sumaneev, Dmitry"]
[Black "Djidjeli, Sarah"]
[Result "0-1"]
[WhiteElo "2450"]
[BlackElo "2036"]
[PlyCount "182"]
[EventDate "2022.01.25"]
[EventType "swiss (blitz)"]
[EventRounds "11"]
[EventCountry "USA"]
[SourceTitle "CBM 206 Extra"]
[Source "ChessBase"]
[SourceDate "2022.03.31"]
[SourceVersion "1"]
[SourceVersionDate "2022.03.31"]
[SourceQuality "1"]

1. e4 c5 2. c3 d5 3. exd5 Qxd5 4. d4 Nc6 5. Nf3 Bg4 6. Be2 e6 7. 0-0 Bd6 8. h3 Bh5 9. c4 Qf5 10. dxc5 Bxc5 11. Nc3 Nge7 12. Na4 Bb4 13. a3 Ba5 14. b4 Bc7 15. Nc5 Bxf3 16. Bxf3 Rd8 17. Qe1 Nd4 18. Qe4 Nxf3+ 19. Qxf3 Qe5 20. g3 Qxa1 21. Bf4 Qf6 22. Qxb7 Bxf4 23. Qb5+ Kf8 24. Nd7+ Rxd7 25. Qxd7 g6 26. gxf4 Qxf4 27. Qd8+ Kg7 28. Qxe7 Qxc4 29. Qd6 Qc3 30. Rd1 Rc8 31. Rd3 Qe1+ 32. Kg2 Qe4+ 33. Kg3 Rc4 34. b5 Qh4+ 35. Kg2 Qe4+ 36. Kg3 h5 37. Re3 h4+ 38. Kh2 Qf5 39. Qe5+ Qxe5+ 40. Rxe5 Rc2 41. Kg2 Rc3 42. a4 Rc4 43. a5 Ra4 44. a6 Rb4 45. Rc5 Kf6 46. Rc7 Rxb5 47. Rxa7 Ra5 48. Kf3 Ra3+ 49. Kg2 Kg5 50. Rxf7 Rxa6 51. Rf3 e5 52. Rf8 Ra2 53. Re8 Kf4 54. Rf8+ Ke4 55. Rg8 Ra6 56. Rh8 g5 57. Rg8 Kf5 58. Rf8+ Rf6 59. Re8 e4 60. Re7 Kf4 61. Re8 Rf5 62. Re7 Rf6 63. Re8 Kf5 64. Re7 Rb6 65. Rf7+ Kg6 66. Re7 Rb4 67. Re8 Kf6 68. Rf8+ Kg6 69. Re8 Kf7 70. Re5 Kf6 71. Re8 Rc4 72. Rf8+ Ke7 73. Rg8 Rc5 74. Rg7+ Kd6 75. Rg8 Rf5 76. Rd8+ Kc5 77. Re8 Kd4 78. Rd8+ Kc3 79. Re8 Kd3 80. Rd8+ Ke2 81. Re8 Rxf2+ 82. Kg1 e3 83. Re5 Rf3 84. Rxg5 Rg3+ 85. Rxg3 hxg3 86. Kg2 Kd2 87. h4 e2 88. h5 e1Q 89. h6 Qe6 90. h7 Qh6 91. h8Q Qxh8 0-1

[Event "Titled Tuesday intern op 29th June"]
[Site "Chess.com INT"]
[Date "2021.06.29"]
[Round "2"]
[White "Lazavik, Denis"]
[Black "Sumaneev, Dmitry"]
[Result "1-0"]
[WhiteElo "2440"]
[BlackElo "2450"]
[PlyCount "59"]
[EventDate "2021.06.29"]
[EventType "swiss (blitz)"]
[EventRounds "11"]
[EventCountry "USA"]
[SourceTitle "CBM 203 Extra"]
[Source "ChessBase"]
[SourceDate "2021.09.30"]
[SourceVersion "1"]
[SourceVersionDate "2021.09.30"]
[SourceQuality "1"]

1. d4 Nf6 2. c4 c5 3. d5 b5 4. cxb5 a6 5. e3 e6 6. Nc3 exd5 7. bxa6 Nxa6 8. Nxd5 Bb7 9. Nxf6+ Qxf6 10. Bb5 0-0-0 11. Nf3 Nc7 12. Be2 d5 13. 0-0 Bd6 14. Rb1 g5 15. b4 g4 16. Nd2 c4 17. Qc2 h5 18. Bb2 Qh4 19. g3 Qe7 20. Bxh8 Rxh8 21. Qf5+ Kb8 22. Rfc1 Ne6 23. a4 Ng5 24. a5 Nh3+ 25. Kf1 d4 26. a6 dxe3 27. Nxc4 Bxa6 28. Nxe3 Bxe2+ 29. Kxe2 Re8 30. Qb5+ 1-0

[Event "Titled Tuesday intern op 25th May"]
[Site "Chess.com INT"]
[Date "2021.05.25"]
[Round "2"]
[White "Ghimpu, Samuel Timotei"]
[Black "Sumaneev, Dmitry"]
[Result "1-0"]
[WhiteElo "2355"]
[BlackElo "2450"]
[PlyCount "63"]
[EventDate "2021.05.25"]
[EventType "swiss (blitz)"]
[EventRounds "11"]
[EventCountry "USA"]
[SourceTitle "CBM 203 Extra"]
[Source "ChessBase"]
[SourceDate "2021.09.30"]
[SourceVersion "1"]
[SourceVersionDate "2021.09.30"]
[SourceQuality "1"]

1. b3 e5 2. Bb2 d6 3. c4 Nf6 4. g3 g6 5. Bg2 Bg7 6. Nf3 0-0 7. 0-0 c6 8. d3 Re8 9. Nbd2 a5 10. Qc2 Na6 11. a3 Bf5 12. Rfe1 Qc7 13. Rad1 Rad8 14. h3 Nc5 15. b4 axb4 16. axb4 Na6 17. Bc3 e4 18. Nd4 exd3 19. exd3 Bc8 20. b5 Nb8 21. Qb2 Rxe1+ 22. Rxe1 Re8 23. Ra1 c5 24. b6 Qd8 25. Nb5 Nc6 26. Ra8 Qe7 27. Kh2 Bf5 28. Bxf6 Bxf6 29. Rxe8+ Qxe8 30. Qxf6 Bxd3 31. Nxd6 Qd7 32. Bxc6 1-0

[Event "Titled Tuesday intern op 25th May"]
[Site "Chess.com INT"]
[Date "2021.05.25"]
[Round "11"]
[White "Morefield, Jason P"]
[Black "Sumaneev, Dmitry"]
[Result "1-0"]
[WhiteElo "2227"]
[BlackElo "2450"]
[PlyCount "65"]
[EventDate "2021.05.25"]
[EventType "swiss (blitz)"]
[EventRounds "11"]
[EventCountry "USA"]
[SourceTitle "CBM 203 Extra"]
[Source "ChessBase"]
[SourceDate "2021.09.30"]
[SourceVersion "1"]
[SourceVersionDate "2021.09.30"]
[SourceQuality "1"]

1. b3 e5 2. Bb2 d6 3. c4 Nf6 4. e3 g6 5. Nf3 Bg7 6. d4 e4 7. Nfd2 c6 8. Nc3 d5 9. cxd5 cxd5 10. Ba3 Nc6 11. Nb5 Bf8 12. Bxf8 Kxf8 13. Qc1 Kg7 14. Be2 a6 15. Nc3 Ne7 16. Qa3 Bf5 17. 0-0 h5 18. Rfc1 h4 19. h3 g5 20. f3 exf3 21. Bxf3 Qd7 22. Rf1 Ng6 23. Rad1 Rae8 24. Qc5 Rc8 25. Qb4 g4 26. hxg4 Bxg4 27. e4 Bxf3 28. Rxf3 dxe4 29. Ndxe4 Nxe4 30. Nxe4 h3 31. d5 hxg2 32. Qd4+ Kf8 33. Nf6 1-0

[Event "Titled Tuesday intern op 25th May"]
[Site "Chess.com INT"]
[Date "2021.05.25"]
[Round "6"]
[White "Sumaneev, Dmitry"]
[Black "Timmermans, Mark"]
[Result "0-1"]
[WhiteElo "2450"]
[BlackElo "2385"]
[PlyCount "104"]
[EventDate "2021.05.25"]
[EventType "swiss (blitz)"]
[EventRounds "11"]
[EventCountry "USA"]
[SourceTitle "CBM 203 Extra"]
[Source "ChessBase"]
[SourceDate "2021.09.30"]
[SourceVersion "1"]
[SourceVersionDate "2021.09.30"]
[SourceQuality "1"]

1. e4 e5 2. Nc3 Nf6 3. g3 d5 4. exd5 Nxd5 5. Bg2 Nxc3 6. bxc3 Bd6 7. Rb1 Nc6 8. Qh5 0-0 9. Nh3 h6 10. 0-0 Qe8 11. d3 f5 12. Qxe8 Rxe8 13. Bd5+ Kh7 14. f4 Ne7 15. Bg2 Rb8 16. fxe5 Bxe5 17. d4 Bd6 18. c4 c6 19. c5 Bc7 20. Bf4 Bxf4 21. Nxf4 g5 22. Nd3 Be6 23. Rfe1 Bxa2 24. Ra1 Bc4 25. Rxa7 Bxd3 26. cxd3 Kg6 27. Re6+ Kf7 28. Rxh6 Red8 29. Rh7+ Kf6 30. d5 cxd5 31. d4 Nc6 32. Raxb7 Rxb7 33. Rxb7 Nxd4 34. c6 Ke5 35. Rd7 Nxc6 36. Rg7 g4 37. Kf2 Rb8 38. Rd7 Rb2+ 39. Kf1 Nb4 40. h4 gxh3 41. Bxh3 Nc2 42. Re7+ Kd4 43. Kf2 Kc3 44. Kf3 Nd4+ 45. Kf4 Ne2+ 46. Kxf5 Nxg3+ 47. Kf4 Ne4 48. Bf5 Nc5 49. Rc7 Kd4 50. Bg6 Rf2+ 51. Kg5 Ne6+ 52. Kh5 Nxc7 0-1

[Event "Titled Tuesday intern op 11th May"]
[Site "Chess.com INT"]
[Date "2021.05.11"]
[Round "5"]
[White "Bendayan Claros, Aaron Arturo"]
[Black "Sumaneev, Dmitry"]
[Result "1/2-1/2"]
[WhiteElo "2167"]
[BlackElo "2450"]
[PlyCount "70"]
[EventDate "2021.05.11"]
[EventType "swiss (blitz)"]
[EventRounds "11"]
[EventCountry "USA"]
[SourceTitle "CBM 202 Extra"]
[Source "ChessBase"]
[SourceDate "2021.07.31"]
[SourceVersion "1"]
[SourceVersionDate "2021.07.31"]
[SourceQuality "1"]

1. d4 Nf6 2. Bg5 Ne4 3. Bf4 d5 4. e3 Nc6 5. Bd3 Nd6 6. c3 g6 7. Nf3 Bg7 8. Nbd2 0-0 9. h3 Re8 10. 0-0 e5 11. dxe5 Nxe5 12. Nxe5 Bxe5 13. Bxe5 Rxe5 14. Nf3 Re8 15. Rc1 c6 16. b3 Qf6 17. Qc2 Bxh3 18. c4 dxc4 19. Bxc4 Nxc4 20. Qxc4 Be6 21. Qb4 Bd5 22. Qxb7 Bxf3 23. gxf3 Qxf3 24. Qxc6 Qg4+ 25. Qg2 Qf5 26. Rc4 Rad8 27. Rf4 Qe6 28. Rc1 Rd7 29. Qc6 Rd6 30. Qb7 Rd5 31. Kf1 Rd7 32. Qc6 Rd6 33. Qb7 Rd7 34. Qc6 Rd6 35. Qb7 Rd7 1/2-1/2

[Event "Titled Tuesday intern op 11th May"]
[Site "Chess.com INT"]
[Date "2021.05.11"]
[Round "3"]
[White "Dang, Hoang Son"]
[Black "Sumaneev, Dmitry"]
[Result "1-0"]
[WhiteElo "2363"]
[BlackElo "2450"]
[PlyCount "25"]
[EventDate "2021.05.11"]
[EventType "swiss (blitz)"]
[EventRounds "11"]
[EventCountry "USA"]
[SourceTitle "CBM 202 Extra"]
[Source "ChessBase"]
[SourceDate "2021.07.31"]
[SourceVersion "1"]
[SourceVersionDate "2021.07.31"]
[SourceQuality "1"]

1. d4 Nf6 2. c4 c5 3. d5 b5 4. cxb5 a6 5. bxa6 g6 6. Nc3 Bxa6 7. e4 Bxf1 8. Kxf1 d6 9. g3 Nbd7 10. Kg2 Bg7 11. Nf3 0-0 12. Qe2 Ra6 13. Qxa6 1-0

[Event "Titled Tuesday intern op 11th May"]
[Site "Chess.com INT"]
[Date "2021.05.11"]
[Round "8"]
[White "Sumaneev, Dmitry"]
[Black "Karavaeva, Olga"]
[Result "0-1"]
[WhiteElo "2450"]
[BlackElo "2260"]
[PlyCount "64"]
[EventDate "2021.05.11"]
[EventType "swiss (blitz)"]
[EventRounds "11"]
[EventCountry "USA"]
[SourceTitle "CBM 202 Extra"]
[Source "ChessBase"]
[SourceDate "2021.07.31"]
[SourceVersion "1"]
[SourceVersionDate "2021.07.31"]
[SourceQuality "1"]

1. e4 c5 2. c3 Nf6 3. e5 Nd5 4. d4 cxd4 5. cxd4 e6 6. Nf3 d6 7. a3 Nc6 8. Bd3 Qc7 9. 0-0 dxe5 10. dxe5 Nxe5 11. Nxe5 Qxe5 12. Bb5+ Bd7 13. Bxd7+ Kxd7 14. Re1 Qd6 15. Nd2 Be7 16. Nc4 Qa6 17. Ne5+ Ke8 18. Qg4 g6 19. Bh6 f6 20. Nf3 Kf7 21. Nd4 e5 22. Nf3 Rhe8 23. h4 Rad8 24. h5 Qe6 25. Qg3 Qf5 26. hxg6+ hxg6 27. Rad1 Rh8 28. Bc1 Qh5 29. Kf1 Qf5 30. Nd2 Rh1+ 31. Ke2 Nf4+ 32. Qxf4 Rxe1+ 0-1

[Event "Titled Tuesday intern op 04th May"]
[Site "Chess.com INT"]
[Date "2021.05.04"]
[Round "3"]
[White "Josse, Mark"]
[Black "Sumaneev, Dmitry"]
[Result "1/2-1/2"]
[WhiteElo "2235"]
[BlackElo "2450"]
[PlyCount "68"]
[EventDate "2021.05.04"]
[EventType "swiss (blitz)"]
[EventRounds "11"]
[EventCountry "USA"]
[SourceTitle "CBM 202 Extra"]
[Source "ChessBase"]
[SourceDate "2021.07.31"]
[SourceVersion "1"]
[SourceVersionDate "2021.07.31"]
[SourceQuality "1"]

1. c4 Nf6 2. Nc3 g6 3. e4 d6 4. d4 Bg7 5. Be2 0-0 6. Nf3 c5 7. 0-0 cxd4 8. Nxd4 a6 9. h3 Nc6 10. a4 Bd7 11. Be3 Rc8 12. Rc1 Nxd4 13. Bxd4 Bc6 14. Bf3 Qa5 15. b3 b5 16. axb5 axb5 17. Nd5 Bxd5 18. cxd5 Qb4 19. Rc6 Nd7 20. Bxg7 Kxg7 21. Bg4 Rxc6 22. dxc6 Ne5 23. c7 e6 24. Qa1 Kg8 25. Rc1 Rc8 26. Qa6 Rxc7 27. Rxc7 Qe1+ 28. Kh2 Qxf2 29. Qxd6 Nxg4+ 30. hxg4 Qh4+ 31. Kg1 Qe1+ 32. Kh2 Qh4+ 33. Kg1 Qe1+ 34. Kh2 Qh4+ 1/2-1/2

[Event "Titled Tuesday intern op 04th May"]
[Site "Chess.com INT"]
[Date "2021.05.04"]
[Round "11"]
[White "Kujawski, Adam"]
[Black "Sumaneev, Dmitry"]
[Result "1/2-1/2"]
[WhiteElo "2239"]
[BlackElo "2450"]
[PlyCount "88"]
[EventDate "2021.05.04"]
[EventType "swiss (blitz)"]
[EventRounds "11"]
[EventCountry "USA"]
[SourceTitle "CBM 202 Extra"]
[Source "ChessBase"]
[SourceDate "2021.07.31"]
[SourceVersion "1"]
[SourceVersionDate "2021.07.31"]
[SourceQuality "1"]

1. g3 Nf6 2. Bg2 d5 3. Nf3 g6 4. b3 Bg7 5. Bb2 0-0 6. 0-0 c6 7. c4 Nbd7 8. d4 Ne4 9. cxd5 cxd5 10. Ne5 Nxe5 11. dxe5 Be6 12. Nd2 Nxd2 13. Qxd2 Qd7 14. Rfd1 Rfd8 15. Rac1 Rac8 16. Rxc8 Qxc8 17. Rc1 Qd7 18. Bd4 b6 19. Rc3 Rc8 20. Qc1 Rxc3 21. Qxc3 h5 22. a4 Bf5 23. e6 Qxe6 24. Bxg7 Qxe2 25. Bh6 Qd1+ 26. Bf1 f6 27. Bd2 Bc2 28. Be1 Bxb3 29. a5 bxa5 30. Qxa5 Kf7 31. Qd2 Qxd2 32. Bxd2 e5 33. f4 Ke6 34. fxe5 fxe5 35. Kf2 d4 36. Bd3 Kf6 37. Be4 Bc4 38. h4 Bb3 39. Ke2 Bc4+ 40. Kf3 Bb3 41. Bd3 Bd5+ 42. Be4 Bb3 43. Bb7 Kf5 44. Be4+ Kf6 1/2-1/2

[Event "Titled Tuesday intern op 04th May"]
[Site "Chess.com INT"]
[Date "2021.05.04"]
[Round "5"]
[White "Sumaneev, Dmitry"]
[Black "Djordjevic, Vuk D"]
[Result "0-1"]
[WhiteElo "2450"]
[BlackElo "2350"]
[PlyCount "80"]
[EventDate "2021.05.04"]
[EventType "swiss (blitz)"]
[EventRounds "11"]
[EventCountry "USA"]
[SourceTitle "CBM 202 Extra"]
[Source "ChessBase"]
[SourceDate "2021.07.31"]
[SourceVersion "1"]
[SourceVersionDate "2021.07.31"]
[SourceQuality "1"]

1. e4 e6 2. Qe2 c5 3. Nf3 Nc6 4. g3 Be7 5. d3 d5 6. Bg2 Nf6 7. e5 Nd7 8. c4 a6 9. 0-0 b5 10. Nc3 d4 11. cxb5 axb5 12. Nxb5 Ba6 13. Na3 Nb4 14. Rd1 0-0 15. h4 Nb6 16. Ng5 h6 17. Bxa8 Qxa8 18. Ne4 Qd5 19. Bf4 c4 20. dxc4 Nxc4 21. Nxc4 Bxc4 22. Qf3 Bd3 23. Nd2 Qb5 24. Qg4 Be2 25. Nf3 f5 26. exf6 Rxf6 27. Nxd4 Bxd1 28. Qxd1 Qd5 29. Nb3 Qe4 30. Qd4 Qf5 31. Re1 Nd5 32. Qe5 Qg4 33. Be3 Qf3 34. Nd4 Qg4 35. Qb8+ Kh7 36. Qe5 Rg6 37. Kg2 Bxh4 38. f3 Qxg3+ 39. Qxg3 Bxg3 40. Kh3 Bxe1 0-1

[Event "Titled Tuesday intern op 27th Apr"]
[Site "Chess.com INT"]
[Date "2021.04.27"]
[Round "1"]
[White "Kiseljova, Marya"]
[Black "Sumaneev, Dmitry"]
[Result "0-1"]
[WhiteElo "2031"]
[BlackElo "2450"]
[PlyCount "122"]
[EventDate "2021.04.27"]
[EventType "swiss (blitz)"]
[EventRounds "11"]
[EventCountry "USA"]
[SourceTitle "CBM 202 Extra"]
[Source "ChessBase"]
[SourceDate "2021.07.31"]
[SourceVersion "1"]
[SourceVersionDate "2021.07.31"]
[SourceQuality "1"]

1. d4 Nf6 2. Bf4 c5 3. e3 Qb6 4. Nc3 d6 5. Bb5+ Bd7 6. a4 a6 7. Bxd7+ Nbxd7 8. Rb1 g6 9. Nf3 Bg7 10. 0-0 0-0 11. h3 Rfe8 12. d5 Qb4 13. Re1 Ne4 14. Nxe4 Qxe4 15. Ng5 Qxa4 16. e4 Rf8 17. b3 Qd4 18. Qg4 Nf6 19. Qh4 h5 20. Nf3 Qc3 21. Rbc1 b5 22. Bd2 Qb2 23. Qg3 Nd7 24. Ng5 a5 25. f4 a4 26. e5 dxe5 27. fxe5 Bxe5 28. Rxe5 Qxe5 29. Qf2 Nf6 30. bxa4 bxa4 31. c4 a3 32. Qxc5 a2 33. Bc3 Qxc3 34. Rxc3 a1Q+ 35. Kh2 Qxc3 36. d6 exd6 37. Qxd6 Rad8 38. Qf4 Qd4 39. Qf3 Qe5+ 40. Kg1 Qxg5 41. Kf2 Rd2+ 42. Kg1 Rxg2+ 43. Qxg2 Qxg2+ 44. Kxg2 Rc8 45. Kf3 Rxc4 46. Ke3 Rh4 47. Kd3 Rxh3+ 48. Kd4 Kg7 49. Kc5 Rh4 50. Kd6 Rg4 51. Ke5 h4 52. Kd6 h3 53. Ke5 h2 54. Kd6 h1Q 55. Ke5 Qf1 56. Kd6 Rg2 57. Kc5 Re2 58. Kd4 Qd1+ 59. Kc3 Rc2+ 60. Kb3 Qb1+ 61. Ka3 Ra2# 0-1

[Event "Titled Tuesday intern op 27th Apr"]
[Site "Chess.com INT"]
[Date "2021.04.27"]
[Round "2"]
[White "Weetik, Vjacheslav"]
[Black "Sumaneev, Dmitry"]
[Result "0-1"]
[WhiteElo "2423"]
[BlackElo "2450"]
[PlyCount "76"]
[EventDate "2021.04.27"]
[EventType "swiss (blitz)"]
[EventRounds "11"]
[EventCountry "USA"]
[SourceTitle "CBM 202 Extra"]
[Source "ChessBase"]
[SourceDate "2021.07.31"]
[SourceVersion "1"]
[SourceVersionDate "2021.07.31"]
[SourceQuality "1"]

1. d4 Nf6 2. c4 c5 3. d5 b5 4. Nf3 b4 5. Nbd2 d6 6. a3 bxa3 7. b3 g6 8. Bxa3 Bg7 9. Bb2 0-0 10. e4 Na6 11. Be2 Nb4 12. 0-0 Bg4 13. Re1 Bxf3 14. Nxf3 Nxe4 15. Bxg7 Kxg7 16. Bf1 Nf6 17. Qd2 Qd7 18. Re3 Rfe8 19. Rae1 a5 20. Qc3 a4 21. bxa4 Rxa4 22. h3 Ra7 23. Ng5 Kg8 24. Be2 h6 25. Nf3 Kg7 26. Nh4 Qa4 27. Rg3 Qc2 28. Qe3 Qe4 29. Qc1 Qxh4 30. Re3 Qd4 31. Bf1 Rea8 32. Rxe7 Ra1 33. Qe3 Rxe1 34. Qxe1 Nd3 35. Qe6 Ne5 36. Qxd6 Ned7 37. Rxd7 Nxd7 38. Qxd7 Ra2 0-1

[Event "Titled Tuesday intern op 20th Apr"]
[Site "Chess.com INT"]
[Date "2021.04.20"]
[Round "2"]
[White "Karavaeva, Olga"]
[Black "Sumaneev, Dmitry"]
[Result "1-0"]
[WhiteElo "2260"]
[BlackElo "2450"]
[PlyCount "89"]
[EventDate "2021.04.20"]
[EventType "swiss (blitz)"]
[EventRounds "11"]
[EventCountry "USA"]
[SourceTitle "CBM 202 Extra"]
[Source "ChessBase"]
[SourceDate "2021.07.31"]
[SourceVersion "1"]
[SourceVersionDate "2021.07.31"]
[SourceQuality "1"]

1. c4 Nf6 2. Nc3 c5 3. g3 g6 4. Bg2 Bg7 5. e3 0-0 6. Nge2 d6 7. 0-0 Nbd7 8. d4 a6 9. b3 Rb8 10. a4 b6 11. Bb2 Bb7 12. d5 Bc8 13. Qc2 e5 14. dxe6 fxe6 15. Rad1 Qe7 16. Ne4 Nxe4 17. Bxe4 Nf6 18. Bg2 Bb7 19. Rd2 Bxg2 20. Kxg2 Rbd8 21. Rfd1 Rd7 22. h4 Rfd8 23. Nf4 b5 24. cxb5 axb5 25. axb5 d5 26. Rc1 Rc8 27. Qd3 Ne4 28. Rdc2 Bxb2 29. Rxb2 Rb7 30. f3 Nf6 31. Rbc2 Rd7 32. Qc3 e5 33. Nd3 e4 34. Nxc5 exf3+ 35. Kg1 Rdc7 36. b4 Ne4 37. Qd4 Nxg3 38. Qxd5+ Qf7 39. Qxf7+ Kxf7 40. b6 Rc6 41. b7 Rb8 42. Kf2 Rxc5 43. bxc5 Ne4+ 44. Kxf3 Nf6 45. c6 1-0

[Event "Titled Tuesday intern op 13th Apr"]
[Site "Chess.com INT"]
[Date "2021.04.13"]
[Round "1"]
[White "Sumaneev, Dmitry"]
[Black "Yoo, Christopher Woojin"]
[Result "0-1"]
[WhiteElo "2450"]
[BlackElo "2455"]
[PlyCount "96"]
[EventDate "2021.04.13"]
[EventType "swiss (blitz)"]
[EventRounds "11"]
[EventCountry "USA"]
[SourceTitle "CBM 201 Extra"]
[Source "ChessBase"]
[SourceDate "2021.05.31"]
[SourceVersion "1"]
[SourceVersionDate "2021.05.31"]
[SourceQuality "1"]

1. e4 c6 2. d4 d5 3. Nc3 dxe4 4. Nxe4 Nf6 5. Nxf6+ exf6 6. Be2 Bd6 7. Bf3 0-0 8. Ne2 Be6 9. 0-0 Nd7 10. b3 Qc7 11. h3 Rad8 12. c4 Ne5 13. Nf4 Nxf3+ 14. Qxf3 Bf5 15. c5 Be7 16. Be3 Be6 17. Nxe6 fxe6 18. b4 Rd5 19. Rfe1 Qd7 20. Qe2 a6 21. f3 f5 22. Bf2 Kf7 23. a4 Bf6 24. Rad1 Bxd4 25. Bxd4 Rxd4 26. Rxd4 Qxd4+ 27. Kh1 Re8 28. Rb1 Re7 29. Qa2 Kf6 30. Qc2 Rd7 31. b5 axb5 32. axb5 Rd5 33. bxc6 bxc6 34. Qa2 Qxc5 35. Re1 Qd6 36. Qe2 c5 37. Qe3 Rd4 38. Qc3 h5 39. Rc1 h4 40. Re1 e5 41. Qe3 Rd1 42. Qf2 g5 43. Kh2 Rxe1 44. Qxe1 e4+ 45. Kh1 exf3 46. Qc3+ Qe5 47. Qxf3 Qe1+ 48. Kh2 Qg3+ 0-1

[Event "Titled Tuesday intern op 06th Apr"]
[Site "Chess.com INT"]
[Date "2021.04.06"]
[Round "3"]
[White "Legenia, Artem"]
[Black "Sumaneev, Dmitry"]
[Result "1/2-1/2"]
[WhiteElo "2144"]
[BlackElo "2450"]
[PlyCount "72"]
[EventDate "2021.04.06"]
[EventType "swiss (blitz)"]
[EventRounds "11"]
[EventCountry "USA"]
[SourceTitle "CBM 201 Extra"]
[Source "ChessBase"]
[SourceDate "2021.05.31"]
[SourceVersion "1"]
[SourceVersionDate "2021.05.31"]
[SourceQuality "1"]

1. e4 e6 2. d4 d5 3. exd5 exd5 4. Nf3 Nf6 5. Bd3 Bd6 6. 0-0 0-0 7. c4 dxc4 8. Bxc4 Nbd7 9. Bg5 Nb6 10. Bb3 Bg4 11. Nc3 c6 12. h3 Bh5 13. g3 h6 14. Be3 Re8 15. g4 Bg6 16. Ne5 Bxe5 17. dxe5 Rxe5 18. Qxd8+ Rxd8 19. Rad1 Ree8 20. Rxd8 Rxd8 21. f3 Rd7 22. Kf2 Bd3 23. Rd1 Ba6 24. Bd4 Nc4 25. Bxc4 Bxc4 26. b3 Be6 27. Bxa7 Rxd1 28. Nxd1 Nd5 29. Bc5 f5 30. gxf5 Bxf5 31. h4 Kf7 32. Ne3 Nxe3 33. Kxe3 Bb1 34. a3 Bc2 35. b4 g5 36. hxg5 hxg5 1/2-1/2

[Event "Titled Tuesday intern op 06th Apr"]
[Site "Chess.com INT"]
[Date "2021.04.06"]
[Round "11"]
[White "Sumaneev, Dmitry"]
[Black "Warchol, Kamil"]
[Result "1/2-1/2"]
[WhiteElo "2450"]
[BlackElo "2124"]
[PlyCount "113"]
[EventDate "2021.04.06"]
[EventType "swiss (blitz)"]
[EventRounds "11"]
[EventCountry "USA"]
[SourceTitle "CBM 201 Extra"]
[Source "ChessBase"]
[SourceDate "2021.05.31"]
[SourceVersion "1"]
[SourceVersionDate "2021.05.31"]
[SourceQuality "1"]

1. e4 c5 2. c3 d6 3. d4 Nf6 4. Bd3 g6 5. f3 Bg7 6. Ne2 0-0 7. Be3 b6 8. Nd2 Nbd7 9. 0-0 Bb7 10. a3 Qc7 11. b4 e5 12. bxc5 bxc5 13. d5 Rab8 14. a4 Ne8 15. a5 Ba8 16. Nc4 f5 17. Qa4 f4 18. Bf2 g5 19. h3 Nef6 20. Rab1 h5 21. Rxb8 Rxb8 22. Rb1 Rxb1+ 23. Bxb1 Qb8 24. Bc2 Bb7 25. Qb5 Bf8 26. Ba4 Bc8 27. Kf1 Qxb5 28. Bxb5 Nb8 29. Ke1 Ba6 30. Bxa6 Nxa6 31. Kd2 Nc7 32. Nc1 Nd7 33. Nd3 Kf7 34. Kc2 Nb8 35. Kb3 Nba6 36. Ka4 Nb8 37. Ne1 Nd7 38. Nc2 Ke8 39. N2a3 Kd8 40. Nb5 Nxb5 41. Kxb5 Nb8 42. a6 Kc7 43. Na5 Be7 44. c4 Bf8 45. Be1 Be7 46. Nb7 Kc8 47. Ba5 Nd7 48. Bd2 Nb8 49. Na5 Kc7 50. Nc6 Nxc6 51. dxc6 Bd8 52. Ba5+ Kc8 53. Bd2 Kc7 54. Ba5+ Kc8 55. Bd2 Bb6 56. Bc3 Bd8 57. Bd2 1/2-1/2

[Event "Titled Tuesday intern op 30th Mar"]
[Site "Chess.com INT"]
[Date "2021.03.30"]
[Round "9"]
[White "Sumaneev, Dmitry"]
[Black "Titichoca Daza, Daniel Henry"]
[Result "0-1"]
[WhiteElo "2450"]
[BlackElo "2090"]
[PlyCount "98"]
[EventDate "2021.03.30"]
[EventType "swiss (blitz)"]
[EventRounds "11"]
[EventCountry "USA"]
[SourceTitle "CBM 201 Extra"]
[Source "ChessBase"]
[SourceDate "2021.05.31"]
[SourceVersion "1"]
[SourceVersionDate "2021.05.31"]
[SourceQuality "1"]

1. e4 c5 2. c3 d5 3. exd5 Qxd5 4. d4 Nc6 5. Nf3 Bg4 6. Be2 e5 7. dxe5 Bxf3 8. Bxf3 Qxd1+ 9. Bxd1 Nxe5 10. 0-0 0-0-0 11. Be3 Nf6 12. Na3 a6 13. Be2 Nd5 14. Bg5 Be7 15. Bxe7 Nxe7 16. Rad1 Rxd1 17. Rxd1 Rd8 18. Rxd8+ Kxd8 19. Nc4 Nxc4 20. Bxc4 f6 21. a4 Kc7 22. f4 Kb6 23. Kf2 Ka5 24. b3 b5 25. axb5 axb5 26. Bf7 Nf5 27. g4 Nd6 28. Bd5 c4 29. b4+ Ka4 30. Ke3 Kb3 31. Kd4 Nc8 32. Bc6 Na7 33. Bd7 h6 34. h4 g5 35. fxg5 fxg5 36. h5 Kb2 37. Be8 Kc2 38. Bd7 Kd2 39. Be8 Kc2 40. Bd7 Kd2 41. Be8 Ke2 42. Bd7 Kf3 43. Ke5 Ke3 44. Kf6 Kd3 45. Kg7 Kxc3 46. Kxh6 Kxb4 47. Kg7 c3 48. Bf5 Nc6 49. h6 Nd4 0-1